Biblioteka Instytutu Północnego w Olsztynie

W służbie bezpieczeństwa stolicy : (Rekord nr 27894)

Szczegóły MARC
000 -Nagłówek
fixed length control field 02522cam a2200577 i 4500
001 - Nr kontrolny bibl., która utworzyła rek.
control field xx004887071
003 - Siglum bibl., której nr kontr. jest w 001
control field NUKAT
005 - Data i czas ostatniej operacji
control field 20260430110537.0
008 - Elementy pola stałej długości
fixed length control field 200617s2020 pl g |001 0 pol c
020 ## - ISBN
ISBN 9788380988859
dopowiedzenie (oprawa twarda)
035 ## - Systemowy numer kontrolny
systemowy numer kontrolny (OCoLC)1164140154
035 ## - Systemowy numer kontrolny
systemowy numer kontrolny (NUKAT)xx004887071
040 ## - Instytucja sporządzająca opis
Instytucja, która sporządziła opis KAT U/MB
język katalgowania-trzyzn. kod pol
zasady opisu rda
Instytucja, która sporządziła rekord KAT U/MBs
Instytucja, która zmodyfikowała rekord KAT U/DB
-- POZN U/EMs
-- WR O/KP
-- WA 14/PTs
-- OLSZT 008/bak
045 2# - Okres czasu dla zawartości
czas między r. 9999 pne a nasz. czas. d1956
-- d1975
046 ## - Kod rodz. daty, data1, data2 (daty pne)
Begin/single date 2020
100 1# - Hasło główne-nazwa osobowa
Nazwa osobowa Ruzikowski, Tadeusz
Daty biograficzne (1975- ).
rodzaj współpracy Autor
9 (RLIN) 40990
245 10 - Tytuł właściwy i oznaczenie odpow.
tytuł W służbie bezpieczeństwa stolicy :
dodatek do tytułu Służba Bezpieczeństwa Komendy MO m. st. Warszawy i Komendy Stołecznej MO w latach 1956-1975 /
dod. inf. ze s. tyt./ozn. odpow. Tadeusz Ruzikowski.
260 ## - Adres wydawniczy
miejsce wydania, dystrybucji itp. Warszawa :
nazwa wydawcy, dystrybutora itp. Instytut Pamięci Narodowej Komisja Ścigania Zbrodni przeciwko Narodowi Polskiemu Oddział w Warszawie,
data wydania, dystrybucji itp. 2020.
300 ## - Opis fizyczny
objętość i/lub forma materiału 476, [1] strona ;
format 25 cm.
336 ## - Content Type
Term Tekst
Code txt
Source rdacontent
337 ## - Media Type
Term Bez urządzenia pośredniczącego
Code n
Source rdamedia
338 ## - Carrier Type
Term Wolumin
Code nc
Source rdacarrier
380 ## - Form of work
Form of work Książki
380 ## - Form of work
Form of work Publikacje naukowe
385 ## - Audience Characteristics
Audience term Historycy
385 ## - Audience Characteristics
Audience term Politolodzy
388 1# - TIME PERIOD OF CREATION
Time period of creation term 2001-
490 1# - Tytuł serii i ks. wielotom.-nie do wysz.
oznaczenie serii Warszawa Nie?Pokonana ;
numer woluminu T. 20
504 ## - Uwaga o bibliografii
uwaga o bibliografii Bibliografia na stronach 465-469. Indeks.
610 17 - Hasło przedmiotowe-nazwa ciała zbior.
nazwa ciała zbior. lub geogr. Polska.
nazwa jednostki podrzędnej Służba Bezpieczeństwa
określnik rzeczowy historia
określnik formy źródła.
źródło hasła kaba
9 (RLIN) 12651
610 17 - Hasło przedmiotowe-nazwa ciała zbior.
nazwa ciała zbior. lub geogr. Polska.
nazwa jednostki podrzędnej Milicja Obywatelska
określnik chronologiczny 1945-1990
określnik formy źródła.
źródło hasła kaba
9 (RLIN) 40986
610 17 - Hasło przedmiotowe-nazwa ciała zbior.
nazwa ciała zbior. lub geogr. Polska.
nazwa jednostki podrzędnej Służba Bezpieczeństwa
określnik chronologiczny 1945-1990.
źródło hasła kaba
9 (RLIN) 14968
610 17 - Hasło przedmiotowe-nazwa ciała zbior.
nazwa ciała zbior. lub geogr. Polska.
nazwa jednostki podrzędnej Milicja Obywatelska
określnik chronologiczny 1945-1990.
źródło hasła kaba
9 (RLIN) 40987
610 27 - Hasło przedmiotowe-nazwa ciała zbior.
nazwa ciała zbior. lub geogr. Komenda Wojewódzka Milicji Obywatelskiej (Warszawa)
źródło hasła DBN
9 (RLIN) 40988
610 27 - Hasło przedmiotowe-nazwa ciała zbior.
nazwa ciała zbior. lub geogr. Służba Bezpieczeństwa (SB ; Polska)
źródło hasła DBN
9 (RLIN) 39640
648 #7 - SUBJECT ADDED ENTRY--CHRONOLOGICAL TERM
Chronological term 1901-2000
Source of heading or term DBN
9 (RLIN) 34996
648 #7 - SUBJECT ADDED ENTRY--CHRONOLOGICAL TERM
Chronological term 1945-1989
Source of heading or term DBN
9 (RLIN) 36043
650 #7 - Hasło przedmiotowe-nazwa pospolita
nazwa pospolita lub geogr. Represje polityczne
określnik geograficzny Polska
-- Warszawa
określnik chronologiczny 1945-1990.
źródło hasła kaba
9 (RLIN) 40989
650 #7 - Hasło przedmiotowe-nazwa pospolita
nazwa pospolita lub geogr. Służba bezpieczeństwa
źródło hasła DBN
9 (RLIN) 36912
650 #7 - Hasło przedmiotowe-nazwa pospolita
nazwa pospolita lub geogr. PRL
źródło hasła DBN
9 (RLIN) 35084
651 #7 - Hasło przedmiotowe-nazwa geogr.
nazwa geograficzna Warszawa (Polska)
określnik chronologiczny 1945-1990
określnik formy źródła.
źródło hasła kaba
9 (RLIN) 40991
651 #7 - Hasło przedmiotowe-nazwa geogr.
nazwa geograficzna Warszawa (woj. mazowieckie)
źródło hasła DBN
9 (RLIN) 37253
655 #7 - Termin określający rodzaj/formę
rodzaj/forma Monografia
źródło terminu DBN
9 (RLIN) 35240
658 ## - Nazwa określająca cel programu nauczania
główny cel programu nauczania Historia
658 ## - Nazwa określająca cel programu nauczania
główny cel programu nauczania Polityka, politologia, administracja publiczna
658 ## - Nazwa określająca cel programu nauczania
główny cel programu nauczania Bezpieczeństwo i wojskowość
710 2# - Hasło dodatkowe - nazwa ciała zbior.
nazwa ciała zbior. lub nazwa geogr. Instytut Pamięci Narodowej - Komisja Ścigania Zbrodni przeciwko Narodowi Polskiemu.
nazwa jednostki podrzędnej Oddział (Warszawa).
rodzaj współpracy Wydawca
kod rodzaju współpracy pbl
9 (RLIN) 13138
830 #0 - Hasło dod. serii i op. ks. wielotom. -tyt
tytuł Warszawa Nie?Pokonana
oznaczenie tomu T. 20
9 (RLIN) 14501
920 ## - ISBN
ISBN 978-83-8098-885-9 (oprawa twarda)
942 ## - ADDED ENTRY ELEMENTS (KOHA)
Source of classification or shelving scheme Dewey Decimal Classification
Koha item type pozycje dostępne na miejscu
Egzemplarze
Status wycofania Status zagubienia Klasyfikacja Status uszkodzenia Blokada wypożyczeń Kolekcja Lokalizacja macierzysta Lokalizacja bieżąca Data nabycia Numer akcesji Źródło akcesji Cena Nr inwentarzowy il. wypożyczeń Sygnatura Kod kreskowy Date last seen Price effective from Typ egz.
    Dewey Decimal Classification nieuszkodzona   książka w magazynie Biblioteka Instytutu Północnego w Olsztynie Biblioteka Instytutu Północnego w Olsztynie 30/11/2020 D-36/2020 dar 28.00 59983   59983 IPWK24087 30/04/2026 30/04/2026 pozycje dostępne na miejscu
Biblioteka Instytutu Północnego, ul. Partyzantów 87, 10-402 Olsztyn, email: biblioteka(at)ip.olsztyn.pl